Collected Lyrics
में बचाया:
| मुख्य लेखक: | |
|---|---|
| स्वरूप: | पुस्तक |
| भाषा: | Undetermined |
| प्रकाशित: |
New York, Estados Unidos
Washington Square Press, Inc.
1959
|
| विषय: | |
| टैग: |
टैग जोड़ें
कोई टैग नहीं, इस रिकॉर्ड को टैग करने वाले पहले व्यक्ति बनें!
|
MARC
| LEADER | 00000nam a2200000Ia 4500 | ||
|---|---|---|---|
| 008 | 170316s9999 xx 000 0 und d | ||
| 999 | |c 30231 |d 30231 | ||
| 040 | |a cru BVZT | ||
| 090 | |a 810 M-39c | ||
| 100 | |a Millay, Edna Saint Vincent | ||
| 245 | |a Collected Lyrics | ||
| 260 | |a New York, Estados Unidos | ||
| 260 | |b Washington Square Press, Inc. | ||
| 260 | |c 1959 | ||
| 300 | |a 279 páginas | ||
| 500 | |a Seudónimo Nancy Boyd | ||
| 650 | 0 | |a LITERATURA ESTADOUNIDENSE |9 25 | |
| 650 | 0 | |a POESÍA |9 18 | |
| 942 | |c LIB |h 810 M-39c |2 z | ||
